Frequências Gavião - Statistics

Estatísticas Gerais
  • Esse quiz foi jogado 17 vezes
  • A pontuação média é 6 de 7
Estatísticas das Respostas
Hint Resposta % Correto
TORRE SETOR E CARIBE 118.7
100%
SOLO PAJÉ 121.9
100%
ATIS 132.65
100%
PISTA DE GRAMA 122.35
89%
OPO VALETE 124.95
89%
CONTROLE TUPÃ 119.3 119.65
78%
TORRE SETOR W FLAUTA 122.8
56%
Nenhum quiz correspondente encontrado
Distribuição das Pontuações
Porcentagem de Pessoas com Cada Pontuação
Percentil de Números Respondidos
Sua Pontuação Histórica
Você não jogou esse quiz